| 000 | 003890000a22001450004500 | ||
|---|---|---|---|
| 060 | _a100 | ||
| 082 | _a582.130 433 MAH | ||
| 100 | _aMaheshwari, P | ||
| 245 | _aIntroduction to embryology of angiosperms | ||
| 260 | _aNewdelhi, Tata mc graw - hill publishing company limited | ||
| 260 | _c1950 | ||
| 300 | _a453 | ||
| 650 | _aSpermatophyta/ Endosperm/ Embryo/ Apomixis | ||
| 942 | _cBK | ||
| 999 |
_c353171 _d353171 |
||